00318pab a2200121 454500008004000000100001600040245006000056260000900116300001400125362000800139650001400147773003500161180718b2008 xxu||||| |||| 00| 0 eng d aBigo, Vinca aExplaining modern economics (as a microcosm of society) c2008 ap.527-54. aJul aEconomics aCambridge Journal of Economics